| 000 | 00610nam a22002177a 4500 | ||
|---|---|---|---|
| 999 |
_c3751 _d3751 |
||
| 003 | AR-CdUCM | ||
| 008 | 190307b ||||| |||| 00| 0 spa d | ||
| 040 |
_aMUNICIPALIDAD PROVINCIAL DEL CUSCO _cBIBLIOTECA MUNICIPAL DEL CUSCO |
||
| 082 |
_a838.95 / _bM28G |
||
| 100 |
_aMann, Thomas _92844 |
||
| 245 | _aThomas Mann / | ||
| 260 |
_aAlemania : _bInter Nationes , _c1965. |
||
| 300 |
_a61 páginas ; _c24 cm. |
||
| 500 | _zThomas, Mann | ||
| 650 |
_aThomas Mann _912129 |
||
| 650 |
_aBitacora _910364 |
||
| 650 |
_aBibliografia _9345 |
||
| 700 |
_aGolo ,Mann _912130 |
||
| 942 |
_2ddc _cLIBROS |
||
| 945 | _artm | ||